00569nam a2200157 a 450000100100000000500170001000800410002704000250006808200150009310000320010824501430014026000340028330000350031770000250035270000340037700003175320240229073831.0110701s1987 dr ac 000 0 spa d aDO-SdBNPbspacBNPHU axxxbA473m1 aÁlvarez, Marisela,d1960-10aMiss significa señorita en inglés :bDebate sobre concursos de belleza /cMarisela Álvarez, Luis Gabriel Castro, Angela Hernández. aSanto Domingo :bAlas,c1987. a28 p. :bil., retrs. ;c21 cm.1 aCastro, Luis Gabriel1 aHernández, Ángela,d1954-